Villes françaises et régions (lettre L) - Statistiques

Statistiques générales
  • Ce quiz a été pris 29 fois
  • Le résultat moyen est 18 sur 30
Statistiques - réponses
Hint Réponse % Correct
Lille Hauts-de-France
95%
Levallois-Perret Île-de-France
91%
Lingolsheim Grand Est
86%
La Rochelle Nouvelle-Aquitaine
86%
Le-Puy-en-Velay Auvergne-Rhône-Alpes
82%
Lyon Auvergne-Rhône-Alpes
82%
Lorient Bretagne
82%
Landerneau Bretagne
82%
Le Havre Normandie
77%
Lons-le-Saunier Bourgogne-Franche-Comté
73%
Laon Hauts-de-France
73%
Laval Pays de la Loire
73%
Lisieux Normandie
64%
Limoges Nouvelle-Aquitaine
64%
Lunéville Grand Est
59%
Limoux Occitanie
59%
Longwy Grand Est
55%
Liévin Hauts-de-France
55%
Longjumeau Île-de-France
55%
La Baule-Escoublac Pays de la Loire
55%
Loudéac Bretagne
45%
Les Pennes-Mirabeau Provence-Alpes-Côte-d'Azur
45%
Lure Bourgogne-Franche-Comté
41%
Le Creusot Bourgogne-Franche-Comté
36%
Loches Centre-Val-de-Loire
36%
Le Blanc Centre-Val-de-Loire
32%
Lavaur Occitanie
32%
Luçon Pays de la Loire
32%
La Garde Provence-Alpes-Côte-d'Azur
32%
Laguiole Occitanie
23%
Aucun quiz correspondant
Distribution des résultats
% des personnes avec chaque résultat
Percentile par nombre de réponses
Votre historique - résultats
Vous n’avez pas pris ce quiz